00677nam a2200205 a 4500020002700000020003000027082001200057100002200069245004200091250003200133260003400165300001300199500002700212700002000239700002000259856007000279942000800349999001300357952010100370 a0030753988 (paperback) a9780030753985 (paperback) a543 SKO1 aSkoog, Douglas A.10aPrinciples of instrumental analysis / aInternational 2 Revised Ed. aUSAbThomson Learning,c1992. a700 p. ; aInternational Edition.1 aWest, Donald M.1 aLeary, James J.40uhttp://www.amazon.com/exec/obidos/ASIN/0030753988/chopaconline-20 cREF c318d318 0010708NFICaICbICcGENd2015-03-02l0o543 SKOp005312r2015-03-02 00:00:00w2015-03-02yREF